000 00599nam a2200169 i 4500
001 141786
003 ES-MaACL
005 20230906200352.0
007 t|
008 070927s1966 sp ||||1| spa d
100 1 _aWagenführ, Horst.
_9115830
245 1 4 _aLos secretos de la economía
_b: una explicación de las funciones de la economía moderna /
_cH. Wagenführ ; traducción Antonio de P. Kuhlmann Thomann.
260 _a[S.l.] :
_bCírculo de Lectores,
_c[1966]
300 _a394 p. ;
_c21 cm.
700 1 _aKuhlmann Thomann, Antonio de P.
_968975
852 _aES-MaACL
_jC-31310
_bR.61912
999 _c141786
_d141786